| 000 | 00381nam a22001457a 4500 | ||
|---|---|---|---|
| 999 |
_c4448 _d4448 |
||
| 008 | 200804b ||||| |||| 00| 0 eng d | ||
| 082 | 0 | 0 |
_a515.3 _bK454 |
| 100 |
_93549 _aKhanna, M. L. |
||
| 245 | 1 | 0 |
_aDifferential calculus / _cby M. L. Khanna |
| 250 | _a17th ed. | ||
| 260 |
_aNoida: _bJai Prakash Nath, _c1989 |
||
| 300 | _a560 p. | ||
| 650 | 0 | _aDifferential Calculus | |
| 942 | _cBK | ||